|
|
|
|
| LEADER |
00000nam0a2200000 4500 |
| 001 |
320146 |
| 005 |
20231102003241.0 |
| 035 |
|
|
|a (RuTPU)RU\TPU\book\345669
|
| 090 |
|
|
|a 320146
|
| 100 |
|
|
|a 20160624d1912 km y0rusy50 ca
|
| 101 |
0 |
|
|a rus
|
| 102 |
|
|
|a RU
|
| 105 |
|
|
|a ab z 000zy
|
| 200 |
1 |
|
|a Магнитная съемка Российской империи
|h Вып. 1
|i Магнитная съемка С-Петербургской губернии в 1910 г.
|f Императорская академия наук ; авт. предисл. М. А. Рыкачев
|
| 210 |
|
|
|a Санкт-Петербург
|c [Б. и.]
|d 1912
|
| 215 |
|
|
|a 82 с.
|c ил.
|
| 225 |
1 |
|
|a Записки Императорской Академии наук
|v Т. XXX № 11
|
| 606 |
1 |
|
|a Магнитная съемка
|2 stltpush
|3 (RuTPU)RU\TPU\subj\76961
|9 87694
|
| 610 |
1 |
|
|a магнитные наблюдения
|
| 610 |
1 |
|
|a Санкт-Петербургская губерния
|
| 610 |
1 |
|
|a Новгородская губерния
|
| 675 |
|
|
|a 550.838
|v 4
|
| 702 |
|
1 |
|a Рыкачев
|b М. А.
|4 080
|
| 712 |
0 |
2 |
|a Императорская академия наук
|c (Санкт-Петербург)
|c (1803-1836)
|2 stltpush
|3 (RuTPU)RU\TPU\col\17515
|9 26664
|
| 801 |
|
1 |
|a RU
|b 63413507
|c 20160624
|
| 801 |
|
2 |
|a RU
|b 63413507
|c 20200622
|g RCR
|
| 942 |
|
|
|c BK
|